000 00710cam a2200157 4500500
005 20260405000400.0
041 _afre
042 _adc
100 1 0 _aRivet de Sabatier, Philippe
_eauthor
245 0 0 _aActualidad de la deuda social. Nicolas Dufourcq, La dette sociale de la France, 1974-2024, Odile Jacob, 2025, 544 páginas, 28,90 euros.
260 _c2026.
500 _a60
520 _aCon motivo del centenario del Art Déco, varias exposiciones en París y en otras regiones repasan la singularidad y la influencia de este movimiento.
786 0 _nÉtudes | 4335 | 3 | 2026-02-25 | p. 115-116
856 4 1 _uhttps://shs.cairn.info/revista-etudes-2026-3-page-115?lang=es&redirect-ssocas=7080
999 _c2036599
_d2036599